000 00263nam a2200109Ia 4500
005 20251222143124.0
008 251222s9999||||xx |||||||||||||| ||spa||
082 _a305.908.22/C46
245 0 _aEmpleo con Apoyo:
264 _bMinisterio de Educación
942 _cLIB
999 _c11663
_d11663